000 00427nam a2200157 a 4500
001 000034036
005 20200930070724.0
008 110921s2004 dr 000 0 spa d
040 _aDO-SdBNP
_bspa
_cBNPHU
082 _axxxx
_bP581
100 1 _aPiantini, Porfirio
_959479
245 1 0 _aLetreros técnicos. /
_cPiantini, Porfirio.
260 _a[Santo Domingo :
_bs. n.,
_c20--?].
300 _a71 p. ;
_c21 cm.
049 _aBNPD
999 _c33527
_d33527